Вираження ментальності в англомовній рекламі (Запис № 284034)
[ простий вигляд ]
| 000 -LEADER | |
|---|---|
| fixed length control field | 02023nam a22001577a 4500 |
| 041 ## - LANGUAGE CODE | |
| Language code of text/sound track or separate title | ukr |
| 080 ## - UNIVERSAL DECIMAL CLASSIFICATION NUMBER | |
| Universal Decimal Classification number | 09 |
| 090 ## - LOCALLY ASSIGNED LC-TYPE CALL NUMBER (OCLC); LOCAL CALL NUMBER (OCLC) | |
| Local cutter number (OCLC) ; Book number/undivided call number, CALL (RLIN) | ПАН |
| 100 ## - MAIN ENTRY--PERSONAL NAME | |
| Personal name | Панчук Д. М. |
| 245 ## - TITLE STATEMENT | |
| Title | Вираження ментальності в англомовній рекламі |
| 260 ## - PUBLICATION, DISTRIBUTION, ETC. (IMPRINT) | |
| Place of publication, distribution, etc | Острог |
| Name of publisher, distributor, etc | КАФ |
| Date of publication, distribution, etc | 2008 |
| 300 ## - PHYSICAL DESCRIPTION | |
| Extent | 56 |
| 520 ## - SUMMARY, ETC. | |
| Summary, etc | Вступ<br/>Розділ 1. Реклама, ментальність, культура.<br/>1.1. Реклама як елемент маркетингу і засіб комунікації.<br/>1.2. Поняття “ментальність” та його взаємозв’язок з культурою народу.<br/>Розділ 2. Вираження ментальності на прикладах американської та британської англомовної реклами.<br/>2.1. Емоційно-образне сприйняття американської та британської реклами носіями слов’янської ментальності.<br/>2.1.1. Американська ментальність в емоційно-образних характеристиках американської реклами.<br/>2.1.2. Британська ментальність в емоційно-образних характеристиках британської реклами.<br/>2.2. Порівняльна характеристика американської та британської ментальності у рекламі (на основі теорії культур Г.Ховстеде).<br/>2.2.1. Дистанція влади (Power Distance) та індивідуалізм (Individualism).<br/>2.2.2. Гендерна спрямованість (Masculinity / Femininity)<br/>2.2.3. Уникнення невизначеності (Uncertainly Avoidance) та часова орієнтація<br/>(Time Orientation).<br/>Висновки. |
| -- | реклама, ментальність, культура |
| 650 ## - SUBJECT ADDED ENTRY--TOPICAL TERM | |
| Topical term or geographic name as entry element | Research Papers |
| 942 ## - ADDED ENTRY ELEMENTS (KOHA) | |
| Koha item type | Книги |
| Withdrawn status | Lost status | Source of classification or shelving scheme | Damaged status | Not for loan | Home library | Current library | Date acquired | Source of acquisition | Cost, normal purchase price | Total Checkouts | Full call number | Barcode | Date last seen | Price effective from | Koha item type |
|---|---|---|---|---|---|---|---|---|---|---|---|---|---|---|---|
| Universal Decimal Classification | ВІЛ - Відділ іноземн. літератури НБ | ВІЛ - Відділ іноземн. літератури НБ | 17/04/2009 | Акт №2 | 1.00 | 09 | 213621 | 15/12/2021 | 17/04/2009 | Книги |